<?xml version="1.0" encoding="UTF-8"?>
<record
    xmlns:xsi="http://www.w3.org/2001/XMLSchema-instance"
    xsi:schemaLocation="http://www.loc.gov/MARC21/slim http://www.loc.gov/standards/marcxml/schema/MARC21slim.xsd"
    xmlns="http://www.loc.gov/MARC21/slim">

  <leader>00662cam a22002171a 4500</leader>
  <controlfield tag="001">ne 64000338 </controlfield>
  <controlfield tag="003">DLC</controlfield>
  <controlfield tag="005">20260227111755.0</controlfield>
  <controlfield tag="008">910805s1962    ua       b    000 0 ara  </controlfield>
  <datafield tag="010" ind1=" " ind2=" ">
    <subfield code="a">ne 64000338 </subfield>
  </datafield>
  <datafield tag="035" ind1=" " ind2=" ">
    <subfield code="a">(OCoLC)24176761</subfield>
  </datafield>
  <datafield tag="040" ind1=" " ind2=" ">
    <subfield code="a">DLC</subfield>
    <subfield code="c">MWalB</subfield>
    <subfield code="d">MWalB</subfield>
    <subfield code="d">DLC</subfield>
  </datafield>
  <datafield tag="042" ind1=" " ind2=" ">
    <subfield code="a">premarc</subfield>
  </datafield>
  <datafield tag="050" ind1="0" ind2="0">
    <subfield code="a">HA29</subfield>
    <subfield code="b">.I67 1962</subfield>
  </datafield>
  <datafield tag="100" ind1="1" ind2=" ">
    <subfield code="a">Isn&#x101;w&#x12B;, A&#x1E25;mad &#x1E24;asan.</subfield>
  </datafield>
  <datafield tag="245" ind1="1" ind2="3">
    <subfield code="a">al-Waj&#x12B;z f&#x12B; al-i&#x1E25;&#x1E63;&#x101;&#x2BC; al-ta&#x1E6D;b&#x12B;q&#x12B; /</subfield>
    <subfield code="c">A&#x1E25;mad &#x1E24;asan al-Isn&#x101;w&#x12B;.</subfield>
  </datafield>
  <datafield tag="260" ind1=" " ind2=" ">
    <subfield code="a">al-Q&#x101;hirah : D&#x101;r al-Nah&#x1E0D;at al-&#x2BB;Arab&#x12B;yah,</subfield>
    <subfield code="c">[1962]</subfield>
  </datafield>
  <datafield tag="300" ind1=" " ind2=" ">
    <subfield code="a">276 p. ;</subfield>
    <subfield code="c">24 cm.</subfield>
  </datafield>
  <datafield tag="504" ind1=" " ind2=" ">
    <subfield code="a">Includes bibliographical references (p. [8])</subfield>
  </datafield>
  <datafield tag="650" ind1=" " ind2="0">
    <subfield code="a">Statistics.</subfield>
  </datafield>
  <datafield tag="999" ind1=" " ind2=" ">
    <subfield code="c">46685</subfield>
    <subfield code="d">46685</subfield>
  </datafield>
</record>
